[Event "C.to Provinciale TO"]
[Site "Torino ITA"]
[Date "2010.03.02"]
[Round "4"]
[White "Sorcinelli, Francesco"]
[Black "Ranieri, Fabrizio"]
[Result "1/2-1/2"]
[WhiteElo "2161"]
[BlackElo "2285"]
[PlyCount "84"]
[EventDate "2010.02.09"]

1. e4 e6 2. d4 d5 3. Nc3 Nf6 4. Bg5 Bb4 5. e5 h6 6. Be3 Nfd7 7. Qg4 g6 8. Bd3
Qe7 9. Nf3 c5 10. a3 Bxc3+ 11. bxc3 b6 12. O-O Nc6 13. a4 Bb7 14. Rfb1 O-O-O
15. a5 c4 16. Bf1 Nxa5 17. Bc1 f5 18. Qxg6 Rdg8 19. Ba3 Rxg6 20. Bxe7 Rhg8 21.
Ba3 Nc6 22. Bc1 Rh8 23. g3 a6 24. Nh4 Rg7 25. Ng2 b5 26. Nf4 Nd8 27. h4 Nb8 28.
Bh3 Bc6 29. Kf1 Bb7 30. Ke2 Kc7 31. Ba3 Nd7 32. Bg2 Nb6 33. Bb4 Kc6 34. Bf3 Bc8
35. h5 Re8 36. Ng6 Bb7 37. Bg2 Nf7 38. Ba3 Nd7 39. Bb4 Ng5 40. f4 Nf7 41. Bf3
Nh8 42. Rg1 Nxg6 1/2-1/2

[Event "C.to Provinciale TO"]
[Site "Torino ITA"]
[Date "2010.03.02"]
[Round "4"]
[White "Termini, Luigi Robert"]
[Black "Longo, Enrico"]
[Result "0-1"]
[WhiteElo "1703"]
[BlackElo "1913"]
[PlyCount "86"]
[EventDate "2010.02.09"]

1. c4 c5 2. Nc3 Nc6 3. Nf3 Nf6 4. g3 g6 5. Bg2 Bg7 6. e3 d6 7. a3 Rb8 8. O-O
O-O 9. Ne2 Bd7 10. d4 cxd4 11. exd4 Qc8 12. Re1 Re8 13. Bd2 b6 14. Rc1 h6 15.
Bc3 Ne4 16. Bb4 a5 17. Bd2 Nxd2 18. Qxd2 Qa6 19. Nc3 Qa7 20. d5 Nd8 21. Nd4 Rc8
22. Ncb5 Bxb5 23. cxb5 Rxc1 24. Rxc1 Qd7 25. a4 Nb7 26. Rc2 Nc5 27. Rc4 Kh7 28.
Nc6 Qf5 29. b4 axb4 30. Rxb4 Bf6 31. a5 bxa5 32. Nxa5 Ra8 33. Rf4 Qb1+ 34. Bf1
Qa1 35. Nc6 Ra2 36. Qe3 Kg7 37. Qf3 Nd7 38. Re4 Ne5 39. Nxe5 Bxe5 40. Qb3 Rb2
41. Qd3 Qa7 42. Kg2 Qxf2+ 43. Kh3 Qxh2+ 0-1

[Event "C.to Provinciale TO"]
[Site "Torino ITA"]
[Date "2010.03.02"]
[Round "4"]
[White "Zanatta, Aldo"]
[Black "Arena, Marco"]
[Result "1/2-1/2"]
[WhiteElo "1625"]
[BlackElo "1566"]
[PlyCount "96"]
[EventDate "2010.02.09"]

1. d4 d5 2. Nf3 Nf6 3. c4 c6 4. cxd5 cxd5 5. Nc3 e6 6. a3 Nc6 7. Bf4 a6 8. e3
Be7 9. h3 b5 10. Ne5 Nxe5 11. dxe5 Nd7 12. Bd3 Bb7 13. Qg4 g5 14. Bg3 h5 15.
Qe2 b4 16. axb4 Bxb4 17. O-O Bxc3 18. bxc3 Nc5 19. Bc2 Qc7 20. c4 dxc4 21. Qxc4
Rc8 22. Ba4+ Nxa4 23. Qxa4+ Qc6 24. Qxc6+ Rxc6 25. Rfc1 Rxc1+ 26. Rxc1 Kd7 27.
f3 Rc8 28. Rd1+ Ke7 29. Be1 Rc2 30. Bb4+ Ke8 31. Rd2 Rxd2 32. Bxd2 Kd7 33. Kf2
Ke7 34. Bb4+ Kd7 35. Kg3 Kc6 36. Be7 Kd5 37. Bxg5 Kxe5 38. Bf4+ Kf5 39. e4+ Kg6
40. Kh4 Bc6 41. g4 hxg4 42. Kxg4 Bd7 43. Kg3 a5 44. h4 a4 45. Bd6 f5 46. e5 Kh5
47. Be7 Bc6 48. f4 Bd5 1/2-1/2

[Event "C.to Provinciale TO"]
[Site "Torino ITA"]
[Date "2010.03.09"]
[Round "5"]
[White "Arena, Marco"]
[Black "Angioni, Gian Carlo"]
[Result "1-0"]
[WhiteElo "1566"]
[BlackElo "1841"]
[PlyCount "75"]
[EventDate "2010.02.09"]

1. e4 e6 2. d4 d5 3. Nd2 Nf6 4. e5 Nfd7 5. Bd3 c5 6. c3 Nc6 7. Ne2 f6 8. Nf4
Qe7 9. Qh5+ Kd8 10. Ng6 Qe8 11. Qh4 hxg6 12. Qxh8 cxd4 13. cxd4 Nxd4 14. Qh4
Nf5 15. Bxf5 exf5 16. O-O Nxe5 17. Re1 Qb5 18. Rxe5 g5 19. Qh8 Qc5 20. Nb3 Qd6
21. Rxd5 Qxd5 22. Qxf8+ Kc7 23. Be3 b6 24. Rc1+ Kb7 25. Qxg7+ Bd7 26. h3 g4 27.
hxg4 fxg4 28. Qxf6 Re8 29. Qd4 Qe6 30. Bf4 Rc8 31. Rxc8 Bxc8 32. Qe5 Qd7 33.
Nd4 Ka6 34. Qd6 Qg7 35. Nc6 Bb7 36. Nb8+ Ka5 37. Bd2+ Kb5 38. Qd7+ 1-0

[Event "C.to Provinciale TO"]
[Site "Torino ITA"]
[Date "2010.03.09"]
[Round "5"]
[White "Avetta, Roberto"]
[Black "Baruffa, Marino"]
[Result "0-1"]
[WhiteElo "1711"]
[BlackElo "1834"]
[PlyCount "61"]
[EventDate "2010.02.09"]

1. e4 e5 2. Nf3 Nc6 3. Bc4 Bc5 4. Nc3 Nf6 5. a3 a6 6. d3 d6 7. h3 h6 8. O-O Be6
9. Bd5 Qd7 10. Bxe6 Qxe6 11. Be3 Nd4 12. Na4 Ba7 13. b4 b5 14. Nb2 c5 15. c4
O-O 16. Nh2 bxc4 17. Nxc4 Nxe4 18. dxe4 Qxc4 19. bxc5 Bxc5 20. Bxd4 Qxd4 21.
Qe2 Rfb8 22. Ra2 Qa4 23. Nf3 Rb3 24. Rfa1 Rab8 25. Qc2 Qb5 26. Nd2 Rb2 27. Qc1
Bd4 28. Nf3 Bxf2+ 29. Kh2 Rxa2 30. Rxa2 Bc5 31. Rb2 0-1

[Event "C.to Provinciale TO"]
[Site "Torino ITA"]
[Date "2010.03.09"]
[Round "5"]
[White "Blundo, Michele"]
[Black "Zanatta, Aldo"]
[Result "0-1"]
[WhiteElo "1763"]
[BlackElo "1625"]
[PlyCount "52"]
[EventDate "2010.02.09"]

1. d4 d5 2. c4 e6 3. Nc3 c6 4. cxd5 cxd5 5. e3 Nf6 6. Bd3 Nc6 7. a3 a6 8. Nf3
Bd6 9. O-O O-O 10. e4 dxe4 11. Nxe4 Nxe4 12. Bxe4 f5 13. Bb1 b5 14. Ba2 Na5 15.
Re1 Qf6 16. Bg5 Qg6 17. Qe2 Re8 18. Bd2 Nc4 19. Bc3 Bb7 20. Rad1 Bd5 21. Bxc4
Bxc4 22. Qe3 Bd5 23. g3 f4 24. Ne5 fxe3 25. Nxg6 exf2+ 26. Kxf2 hxg6 0-1

[Event "C.to Provinciale TO"]
[Site "Torino ITA"]
[Date "2010.03.09"]
[Round "5"]
[White "Cagno, Alberto"]
[Black "Coqueraut, Jean Dominique"]
[Result "0-1"]
[WhiteElo "1431"]
[BlackElo "1815"]
[PlyCount "70"]
[EventDate "2010.02.09"]

1. d4 d5 2. Nf3 Nf6 3. e3 Bf5 4. Bd3 Bxd3 5. Qxd3 e6 6. O-O c5 7. c3 Nc6 8.
Nbd2 Bd6 9. Re1 c4 10. Qc2 O-O 11. e4 dxe4 12. Nxe4 Be7 13. Nxf6+ Bxf6 14. Qe4
Qd5 15. Bd2 b5 16. a3 a5 17. Qxd5 exd5 18. Bf4 Rfe8 19. Bd6 g6 20. h4 Re4 21.
g3 Rae8 22. Kf1 h6 23. Nd2 R4e6 24. Bc5 a4 25. Rxe6 fxe6 26. Re1 e5 27. f3 Kf7
28. Kf2 exd4 29. Rxe8 Kxe8 30. cxd4 Nxd4 31. Ke3 Ne6 32. Bb4 Bxb2 33. Nb1 Bc1+
34. Bd2 Bb2 35. Bc3 d4+ 0-1

[Event "C.to Provinciale TO"]
[Site "Torino ITA"]
[Date "2010.03.09"]
[Round "5"]
[White "Calderone, Luigi"]
[Black "Razzano, Lorenzo"]
[Result "0-1"]
[WhiteElo "1700"]
[BlackElo "1956"]
[PlyCount "114"]
[EventDate "2010.02.09"]

1. e4 e5 2. Nf3 Nc6 3. Bc4 Bc5 4. c3 Qe7 5. O-O d6 6. h3 Nf6 7. d4 Bb6 8. Re1
h6 9. a4 a6 10. b4 O-O 11. d5 Nb8 12. Be3 Bxe3 13. Rxe3 Nh5 14. Nbd2 Nf4 15.
Bf1 f5 16. c4 fxe4 17. Nxe4 a5 18. b5 b6 19. Qb3 Nd7 20. Rc1 Nc5 21. Nxc5 bxc5
22. Rb1 Bf5 23. Rbe1 Qf7 24. Nh4 g5 25. Nxf5 Qxf5 26. Qb2 Rf7 27. b6 Rb8 28. b7
Qd7 29. Ra1 c6 30. g3 Ng6 31. dxc6 Qxc6 32. Bg2 Qd7 33. Bd5 Ne7 34. Bxf7+ Kxf7
35. Qc2 Kg7 36. Rb1 Nf5 37. Ree1 Nd4 38. Qd1 Rxb7 39. Rb5 Nxb5 40. axb5 Qe6 41.
Qa4 Rf7 42. b6 Qf5 43. Rf1 e4 44. Qc6 e3 45. Qg2 e2 46. Re1 Qc2 47. b7 Qb2 48.
Rxe2 Qxb7 49. Qf1 Qd7 50. Qa1+ Kg6 51. Qxa5 Qxh3 52. Qd2 Rf6 53. Re8 Qf5 54.
Qe2 Qf3 55. Qxf3 Rxf3 56. Rd8 Rf6 57. Kf1 Kf5 0-1

[Event "C.to Provinciale TO"]
[Site "Torino ITA"]
[Date "2010.03.09"]
[Round "5"]
[White "Collaro, Carlo"]
[Black "Monno, Luigi"]
[Result "1/2-1/2"]
[WhiteElo "1401"]
[BlackElo "1466"]
[PlyCount "63"]
[EventDate "2010.02.09"]

1. d4 d5 2. Bf4 Nf6 3. Nf3 Bf5 4. Nbd2 e6 5. h3 c5 6. c3 Nc6 7. e3 c4 8. b3
cxb3 9. Qxb3 Qd7 10. Bb5 a6 11. Qa4 Bd6 12. Bxd6 Qxd6 13. Ne5 O-O 14. Bxc6 bxc6
15. Nxc6 Rfc8 16. Ne5 Rxc3 17. O-O Bd3 18. Rfc1 Bb5 19. Qa5 Ra3 20. Qc7 Qxc7
21. Rxc7 g6 22. Rxf7 Rf8 23. Rxf8+ Kxf8 24. Nb3 Ne4 25. Nc5 Nxc5 26. dxc5 Rc3
27. a4 Be8 28. c6 Bxc6 29. Nxc6 Rxc6 30. Kf1 h5 31. Ke2 Rc2+ 32. Ke1 1/2-1/2

[Event "C.to Provinciale TO"]
[Site "Torino ITA"]
[Date "2010.03.09"]
[Round "5"]
[White "Di Chiara, Mauro"]
[Black "Fassio, Francesco"]
[Result "1-0"]
[WhiteElo "1870"]
[BlackElo "1646"]
[PlyCount "57"]
[EventDate "2010.02.09"]

1. d4 d5 2. Nf3 Nf6 3. c4 c6 4. Nc3 dxc4 5. a4 e6 6. e3 Bb4 7. Bxc4 O-O 8. O-O
Nd5 9. Qc2 Nd7 10. e4 Nxc3 11. bxc3 Be7 12. e5 Qa5 13. Ng5 Bxg5 14. Bxg5 Nb6
15. Bd3 g6 16. c4 Nd7 17. c5 Qc7 18. Qd2 Nxe5 19. dxe5 Qxe5 20. Be7 Re8 21. Bd6
Qd4 22. Rfe1 e5 23. Qe3 Qd5 24. f4 f6 25. Rac1 Qf7 26. fxe5 fxe5 27. Rf1 Qg7
28. Bc4+ Kh8 29. Rf7 1-0

[Event "C.to Provinciale TO"]
[Site "Torino ITA"]
[Date "2010.03.09"]
[Round "5"]
[White "Iacomussi, Mario"]
[Black "Cavezzana, Davide"]
[Result "1/2-1/2"]
[WhiteElo "1760"]
[BlackElo "1768"]
[PlyCount "84"]
[EventDate "2010.02.09"]

1. d4 d5 2. c4 c6 3. Nf3 Nf6 4. Bg5 e6 5. e3 Qa5+ 6. Nc3 Ne4 7. Qc2 Bb4 8. Rc1
Qxa2 9. cxd5 exd5 10. Bd3 Bxc3+ 11. bxc3 Qxc2 12. Rxc2 Nxg5 13. Nxg5 h6 14. Nf3
Be6 15. Rb2 b5 16. Ne5 O-O 17. e4 f6 18. Ng6 Re8 19. e5 Nd7 20. f4 Nf8 21. Nh4
Bd7 22. O-O fxe5 23. fxe5 Ne6 24. Ng6 Nf8 25. Nf4 Ne6 26. Bf5 Nf8 27. Bxd7 Nxd7
28. e6 Nf6 29. h4 a5 30. h5 a4 31. Rf3 Ne4 32. Ra2 Re7 33. Re3 Rae8 34. c4 bxc4
35. Rxa4 Ng5 36. Ra6 Rc8 37. Ra1 Rb8 38. Ra6 Rc8 39. Raa3 Rce8 40. Ra6 Rc8 41.
Raa3 Rce8 42. Ra6 Rc8 1/2-1/2

[Event "C.to Provinciale TO"]
[Site "Torino ITA"]
[Date "2010.03.09"]
[Round "5"]
[White "Leoni, Alessandro"]
[Black "Marvin, Elio"]
[Result "1-0"]
[WhiteElo "1871"]
[BlackElo "1714"]
[PlyCount "67"]
[EventDate "2010.02.09"]

1. e4 e5 2. Nf3 d6 3. d4 exd4 4. Nxd4 Nf6 5. Nc3 Be7 6. Bf4 O-O 7. Qd2 a6 8.
O-O-O Nc6 9. Be2 Nxd4 10. Qxd4 Be6 11. g4 Bxg4 12. Bxg4 Nxg4 13. Rhg1 Bf6 14.
Qd2 Ne5 15. Qe3 g6 16. Nd5 Bg7 17. Bh6 Nc4 18. Qh3 Bxb2+ 19. Kb1 Bg7 20. Bxg7
Kxg7 21. Qc3+ Ne5 22. f4 c6 23. Ne3 f6 24. fxe5 fxe5 25. Nf5+ Kh8 26. Nxd6 Qe7
27. Nc4 Rae8 28. Nb6 Rf4 29. Rd7 Qh4 30. Rg3 Rxe4 31. Rh3 Rb4+ 32. Ka1 Qf4 33.
Rhxh7+ Kg8 34. Rdg7+ 1-0

[Event "C.to Provinciale TO"]
[Site "Torino ITA"]
[Date "2010.03.09"]
[Round "5"]
[White "Levi, Aldo"]
[Black "Paoli, Mario"]
[Result "0-1"]
[WhiteElo "1344"]
[BlackElo "1746"]
[PlyCount "78"]
[EventDate "2010.02.09"]

1. e4 g6 2. d4 Bg7 3. Nf3 c6 4. Nc3 e6 5. e5 Ne7 6. Bg5 d6 7. exd6 Qxd6 8. Ne4
Qb4+ 9. c3 Qxb2 10. Bxe7 Kxe7 11. Bd3 f5 12. Ned2 Qxc3 13. Be2 Nd7 14. O-O Nb6
15. Nb3 Nd5 16. Rc1 Qb4 17. Ne5 Qd6 18. Bc4 Bxe5 19. dxe5 Qxe5 20. Re1 Qd6 21.
Bxd5 cxd5 22. Rc5 Kf7 23. Qa1 Bd7 24. Qe5 Qxe5 25. Rxe5 Rac8 26. Rxc8 Rxc8 27.
h3 Kf6 28. Re1 e5 29. Na5 b6 30. Nb3 Rc2 31. Nc1 e4 32. a3 d4 33. Nb3 d3 34.
Rd1 Ke5 35. Nd2 Kd4 36. Nf1 f4 37. Nd2 Bc6 38. Nb3+ Kc3 39. Na1 d2 0-1

[Event "C.to Provinciale TO"]
[Site "Torino ITA"]
[Date "2010.03.09"]
[Round "5"]
[White "Listello, Massimiliano"]
[Black "Gatti, Franco"]
[Result "1/2-1/2"]
[WhiteElo "1488"]
[BlackElo "1586"]
[PlyCount "90"]
[EventDate "2010.02.09"]

1. e4 e5 2. Nf3 Nc6 3. d4 exd4 4. Bc4 h6 5. Nxd4 Bc5 6. Nxc6 Qf6 7. O-O Qxc6 8.
Qd5 Qxd5 9. exd5 Ne7 10. Nc3 O-O 11. Re1 Ng6 12. Be3 Bb4 13. a3 Bxc3 14. bxc3
d6 15. h3 Ne5 16. Be2 Bf5 17. Ra2 Rfe8 18. g4 Be4 19. c4 Nf3+ 20. Bxf3 Bxf3 21.
Kh2 h5 22. Kg3 hxg4 23. hxg4 Be4 24. f3 Bg6 25. Kf2 f6 26. Rg1 Kf7 27. g5 fxg5
28. Rxg5 Rh8 29. Kg3 b6 30. c3 Rh7 31. Rg2 Rg8 32. a4 Bd3 33. Rg4 Bf5 34. Rf4
g6 35. Rh2 Rxh2 36. Kxh2 Re8 37. Bf2 Re2 38. Kg3 Ra2 39. Rh4 g5 40. Rh8 Rxa4
41. Ra8 Rxc4 42. Rxa7 Rxc3 43. Bxb6 g4 44. Rxc7+ Rxc7 45. Bxc7 gxf3 1/2-1/2

[Event "C.to Provinciale TO"]
[Site "Torino ITA"]
[Date "2010.03.09"]
[Round "5"]
[White "Longo, Enrico"]
[Black "Blanc, Pierre"]
[Result "1-0"]
[WhiteElo "1913"]
[BlackElo "1928"]
[PlyCount "65"]
[EventDate "2010.02.09"]

1. e4 e5 2. Nf3 Nc6 3. Bb5 a6 4. Bxc6 dxc6 5. O-O f6 6. Nxe5 fxe5 7. Qh5+ Ke7
8. Qxe5+ Be6 9. d4 Qd6 10. Qg5+ Kd7 11. d5 cxd5 12. Bf4 Qc5 13. Nc3 d4 14. Nd5
Bxd5 15. exd5 Nf6 16. Rfe1 Qxd5 17. Re5 Qc6 18. Qf5+ Kd8 19. Re6 Bd6 20. Rxf6
gxf6 21. Qxf6+ Kd7 22. Qf5+ Kd8 23. Qf6+ Kd7 24. Qg7+ Ke6 25. Re1+ Kd5 26. Qg5+
Kc4 27. b3+ Kc3 28. Bd2+ Kb2 29. Bc1+ Kb1 30. Bd2+ Kb2 31. Bc1+ Kb1 32. Ba3+
Kxa2 33. Ra1+ 1-0

[Event "C.to Provinciale TO"]
[Site "Torino ITA"]
[Date "2010.03.09"]
[Round "5"]
[White "Manni, Stefano"]
[Black "Liviabella, Lucio"]
[Result "1-0"]
[WhiteElo "1962"]
[BlackElo "1716"]
[PlyCount "75"]
[EventDate "2010.02.09"]

1. d4 Nf6 2. Nf3 g6 3. Bf4 d6 4. e3 Nh5 5. Bg5 f6 6. Bh4 g5 7. Nxg5 Ng7 8. Nf3
Nf5 9. Bd3 Nc6 10. c3 Rg8 11. Bg3 e5 12. Bxf5 Bxf5 13. Nh4 Bg6 14. Qb3 Rg7 15.
Qxb7 Ne7 16. Nxg6 Rxg6 17. Qb3 Qb8 18. Nd2 Qxb3 19. axb3 Nc6 20. Ra6 Kd7 21.
O-O exd4 22. exd4 Bh6 23. Nf3 f5 24. Rfa1 f4 25. Bh4 Rb8 26. d5 Ne5 27. Nxe5+
dxe5 28. b4 Rxa6 29. Rxa6 Bg7 30. f3 Rb5 31. Ra5 a6 32. Be1 Rb6 33. c4 c5 34.
dxc6+ Kxc6 35. c5 Rb7 36. Rxa6+ Kc7 37. c6 Rb6 38. Ra7+ 1-0

[Event "C.to Provinciale TO"]
[Site "Torino ITA"]
[Date "2010.03.09"]
[Round "5"]
[White "Moncelli, Giorgio"]
[Black "Stroppa, Daniel"]
[Result "1-0"]
[WhiteElo "2088"]
[BlackElo "2210"]
[PlyCount "68"]
[EventDate "2010.02.09"]

1. e4 d6 2. d4 Nf6 3. Nc3 g6 4. g3 Bg7 5. Bg2 O-O 6. Nge2 Nbd7 7. O-O c5 8. h3
Rb8 9. a4 b6 10. Be3 a6 11. f4 cxd4 12. Nxd4 Bb7 13. Re1 Nc5 14. Bf2 e5 15.
fxe5 dxe5 16. Nb3 Nxb3 17. cxb3 Bc6 18. Qe2 b5 19. axb5 Bxb5 20. Nxb5 Rxb5 21.
b4 Rxb4 22. Bc5 Rb3 23. Ra3 Rxa3 24. Bxa3 Re8 25. Qxa6 Nh5 26. Kh2 Bh6 27. Bf3
Qg5 28. Bxh5 Qxh5 29. Rf1 f5 30. Qc4+ Kh8 31. exf5 gxf5 32. Qb5 Bg7 33. Rxf5
Qg6 34. Qd7 Qe6 1-0

[Event "C.to Provinciale TO"]
[Site "Torino ITA"]
[Date "2010.03.09"]
[Round "5"]
[White "Paonessa, Denis"]
[Black "Boetto, Massimo"]
[Result "1-0"]
[WhiteElo "1908"]
[BlackElo "2010"]
[PlyCount "63"]
[EventDate "2010.02.09"]

1. d4 Nf6 2. c4 g6 3. Nc3 Bg7 4. e4 d6 5. f4 O-O 6. Nf3 c5 7. d5 e6 8. Be2 exd5
9. e5 dxe5 10. fxe5 Ng4 11. Bg5 Qa5 12. cxd5 Nxe5 13. O-O Qb4 14. Be7 Re8 15.
d6 Qxb2 16. Nd5 Nxf3+ 17. Bxf3 Qd4+ 18. Kh1 Qxd1 19. Raxd1 Nc6 20. Nc7 Bd7 21.
Nxa8 Rxa8 22. Bd5 Ne5 23. Bxb7 Rb8 24. Bd5 Bb5 25. Rb1 Rb6 26. Rfe1 Nd7 27.
Rxb5 Rxb5 28. Bc6 Rb2 29. Bxd7 Rd2 30. Ba4 Bc3 31. d7 Ba5 32. Bf6 1-0

[Event "C.to Provinciale TO"]
[Site "Torino ITA"]
[Date "2010.03.09"]
[Round "5"]
[White "Quirico, Paolo"]
[Black "Sorcinelli, Francesco"]
[Result "1/2-1/2"]
[WhiteElo "2167"]
[BlackElo "2161"]
[PlyCount "20"]
[EventDate "2010.02.09"]

1. Nf3 c5 2. c3 g6 3. d4 Bg7 4. Bf4 Nf6 5. e3 O-O 6. Be2 b6 7. O-O Bb7 8. Nbd2
d6 9. h3 Nbd7 10. Bh2 Ne4 1/2-1/2

[Event "C.to Provinciale TO"]
[Site "Torino ITA"]
[Date "2010.03.09"]
[Round "5"]
[White "Ranieri, Fabrizio"]
[Black "Riccardi, Mauro"]
[Result "1-0"]
[WhiteElo "2285"]
[BlackElo "1818"]
[PlyCount "37"]
[EventDate "2010.02.09"]

1. e4 c5 2. Nf3 e6 3. d4 cxd4 4. Nxd4 Nc6 5. Nc3 Qc7 6. Be3 a6 7. Be2 b5 8.
Nxc6 dxc6 9. O-O Nf6 10. f4 e5 11. Kh1 Bd6 12. Bb6 Qe7 13. Qd3 Bc7 14. Bxc7
Qxc7 15. Rad1 Bb7 16. fxe5 Nd7 17. Rxf7 Nxe5 18. Rxc7 Nxd3 19. Rxd3 1-0

[Event "C.to Provinciale TO"]
[Site "Torino ITA"]
[Date "2010.03.16"]
[Round "6"]
[White "Baruffa, Marino"]
[Black "Manni, Stefano"]
[Result "1-0"]
[WhiteElo "1834"]
[BlackElo "1962"]
[PlyCount "39"]
[EventDate "2010.02.09"]

1. e4 c6 2. d4 d5 3. Nc3 dxe4 4. Nxe4 Bf5 5. Ng3 Bg6 6. Nf3 Nd7 7. Nh4 e6 8.
Nxg6 hxg6 9. Bd3 Bd6 10. c3 Ngf6 11. Bg5 Qa5 12. Qd2 Bxg3 13. fxg3 O-O-O 14. b4
Qd5 15. Be3 Ne4 16. c4 Qf5 17. Qc2 Ndf6 18. Rf1 Qh5 19. Bxe4 Qxh2 20. Bf2 1-0

[Event "C.to Provinciale TO"]
[Site "Torino ITA"]
[Date "2010.03.16"]
[Round "6"]
[White "Blanc, Pierre"]
[Black "Leoni, Alessandro"]
[Result "1-0"]
[WhiteElo "1928"]
[BlackElo "1871"]
[PlyCount "51"]
[EventDate "2010.02.09"]

1. e4 d5 2. exd5 Nf6 3. d4 Bg4 4. Nf3 Qxd5 5. Be2 Nc6 6. Nc3 Qd7 7. d5 Bxf3 8.
Bxf3 Ne5 9. Bf4 Nxf3+ 10. Qxf3 O-O-O 11. O-O-O a6 12. Qe3 Qf5 13. f3 g5 14.
Bxg5 Rg8 15. Bxf6 Qxf6 16. Qf2 Qg5+ 17. Kb1 Qxg2 18. Qa7 Qxf3 19. Qa8+ Kd7 20.
Qxb7 Rg6 21. Rhf1 Qh5 22. d6 Rxd6 23. Rxd6+ exd6 24. Nd5 Qe2 25. Qxc7+ Ke6 26.
Nf4+ 1-0

[Event "C.to Provinciale TO"]
[Site "Torino ITA"]
[Date "2010.03.16"]
[Round "6"]
[White "Boetto, Massimo"]
[Black "Arena, Marco"]
[Result "1/2-1/2"]
[WhiteElo "2010"]
[BlackElo "1566"]
[PlyCount "122"]
[EventDate "2010.02.09"]

1. e4 e6 2. d4 d5 3. e5 c5 4. c3 Nc6 5. Nf3 Qb6 6. a3 Bd7 7. Be2 Na5 8. b4 cxb4
9. axb4 Nc6 10. O-O a5 11. bxa5 Nxa5 12. c4 dxc4 13. Bxc4 Rc8 14. Ba2 Bb4 15.
Be3 Ne7 16. d5 Bc5 17. Bxc5 Rxc5 18. dxe6 Bxe6 19. Bxe6 Qxe6 20. Qa4+ Qc6 21.
Qg4 O-O 22. Nbd2 Nc4 23. Nb3 Nxe5 24. Nxe5 Rxe5 25. Rfc1 Qe6 26. Qb4 Nd5 27.
Qxb7 Re8 28. h3 Nf4 29. Nd4 Ne2+ 30. Nxe2 Rxe2 31. Rf1 h6 32. Qf3 Qe4 33. Qh5
Re5 34. Qg4 Qxg4 35. hxg4 Rb5 36. Kh2 Rbb2 37. Ra8+ Kh7 38. Kg3 Rec2 39. Ra3
Kg6 40. Rf3 Rb6 41. Re1 Rf6 42. Rxf6+ Kxf6 43. f4 Rc3+ 44. Kh4 Rc2 45. Kh3 Rc3+
46. g3 Rc2 47. Ra1 Rc6 48. Ra5 Rc8 49. g5+ hxg5 50. Rxg5 Rh8+ 51. Kg4 Rh6 52.
Ra5 Rg6+ 53. Kf3 Ke7 54. g4 Rd6 55. g5 g6 56. Re5+ Re6 57. Ke4 f6 58. gxf6+
Kxf6 59. Rxe6+ Kxe6 60. f5+ gxf5+ 61. Kf4 Kf6 1/2-1/2

[Event "C.to Provinciale TO"]
[Site "Torino ITA"]
[Date "2010.03.16"]
[Round "6"]
[White "Calderone, Luigi"]
[Black "Zanatta, Aldo"]
[Result "0-1"]
[WhiteElo "1700"]
[BlackElo "1625"]
[PlyCount "96"]
[EventDate "2010.02.09"]

1. e4 c5 2. Nf3 d6 3. d4 cxd4 4. Nxd4 Nf6 5. Nc3 a6 6. Be3 e6 7. Be2 Be7 8. Qd2
Nbd7 9. f4 Qc7 10. g4 Nb6 11. g5 Nfd7 12. b3 d5 13. a3 dxe4 14. Nxe4 Nd5 15.
O-O b5 16. b4 Bb7 17. Bf3 Rc8 18. Rac1 N5b6 19. Bg2 Nc4 20. Qc3 Ndb6 21. Bd2
Nd5 22. Qf3 Nxd2 23. Nxd2 Qc3 24. Qxc3 Rxc3 25. Rf3 Rc7 26. Rf2 O-O 27. c4 bxc4
28. Rxc4 Rfc8 29. Rxc7 Rxc7 30. N2b3 Rc3 31. Rc2 Rxc2 32. Nxc2 Bc6 33. Ncd4 Ba4
34. Nc5 Bd1 35. Nxa6 Nxf4 36. h4 Ne2+ 37. Nxe2 Bxe2 38. Nc5 Bd8 39. Bc6 Bb6 40.
Kf2 Bc4 41. Kf3 f5 42. a4 Kf7 43. a5 Ba7 44. Nd7 Ke7 45. Ne5 Kd6 46. Nxc4+ Kxc6
47. Ne5+ Kb5 48. Kf4 Bb8 0-1

[Event "C.to Provinciale TO"]
[Site "Torino ITA"]
[Date "2010.03.16"]
[Round "6"]
[White "Coqueraut, Jean Dominique"]
[Black "Collaro, Carlo"]
[Result "1-0"]
[WhiteElo "1815"]
[BlackElo "1401"]
[PlyCount "65"]
[EventDate "2010.02.09"]

1. d4 d5 2. c4 e6 3. Nc3 Nf6 4. Bg5 Be7 5. e3 Nbd7 6. Nf3 c5 7. cxd5 Nxd5 8.
Bxe7 Qxe7 9. Bd3 N7f6 10. O-O cxd4 11. Nxd4 Nxc3 12. bxc3 O-O 13. Qf3 Rb8 14.
Rab1 Qc7 15. Rfc1 b6 16. Nb5 Qd7 17. Rd1 Qe7 18. Qg3 Ba6 19. a4 Bxb5 20. Bxb5
Ne4 21. Qe5 Nf6 22. h3 Rfd8 23. c4 Ne8 24. Rd4 Nc7 25. Bc6 Na6 26. Rbd1 Rxd4
27. exd4 Qc7 28. Qe4 Nb4 29. d5 exd5 30. cxd5 Nxc6 31. dxc6 Rc8 32. Rd7 Qb8 33.
c7 1-0

[Event "C.to Provinciale TO"]
[Site "Torino ITA"]
[Date "2010.03.16"]
[Round "6"]
[White "Fassio, Francesco"]
[Black "Gussone, Claudio"]
[Result "1-0"]
[WhiteElo "1646"]
[BlackElo "1805"]
[PlyCount "65"]
[EventDate "2010.02.09"]

1. Nf3 Nf6 2. c4 c5 3. Nc3 Nc6 4. e4 e5 5. d3 d6 6. Be2 g6 7. O-O Bg7 8. a3 O-O
9. Ne1 Nd4 10. Bg5 h6 11. Bxf6 Nxe2+ 12. Qxe2 Qxf6 13. Rb1 b6 14. Nc2 Qg5 15.
Ne3 f5 16. Ned5 f4 17. f3 Rf7 18. b4 h5 19. a4 h4 20. bxc5 dxc5 21. a5 bxa5 22.
Rb5 Rb7 23. Rxb7 Bxb7 24. Rb1 Bc6 25. Nc7 Rc8 26. N3d5 Qd8 27. Ne6 Qd7 28. Nxc5
Qf7 29. Qf2 Bf8 30. Na6 Bb7 31. Qxa7 Bxa6 32. Qxa6 Rc5 33. Rb7 1-0

[Event "C.to Provinciale TO"]
[Site "Torino ITA"]
[Date "2010.03.16"]
[Round "6"]
[White "Gatti, Franco"]
[Black "Avetta, Roberto"]
[Result "1-0"]
[WhiteElo "1586"]
[BlackElo "1711"]
[PlyCount "77"]
[EventDate "2010.02.09"]

1. e4 e5 2. Nf3 Nc6 3. Bc4 d6 4. d4 exd4 5. Nxd4 Nge7 6. Nxc6 Nxc6 7. O-O Be7
8. Nc3 Ne5 9. Bb3 c6 10. f4 Qb6+ 11. Kh1 Bg4 12. Qe1 Nd7 13. Qg3 h5 14. Be3 Qd8
15. Qe1 Be6 16. f5 Bxb3 17. axb3 a6 18. Bd4 Ne5 19. Qg3 Bf6 20. Rad1 Qc7 21.
Na4 h4 22. Qh3 b5 23. Nc3 Ke7 24. Bxe5 Bxe5 25. Rd3 Qd7 26. Rfd1 g6 27. Rf1
Rag8 28. f6+ Ke8 29. Qxd7+ Kxd7 30. Ne2 g5 31. c3 Rg6 32. Rdf3 Rhh6 33. Nd4
Bxd4 34. cxd4 Ke6 35. Rc1 c5 36. dxc5 dxc5 37. Rxc5 g4 38. Rff5 Kd6 39. Rfd5+
1-0

[Event "C.to Provinciale TO"]
[Site "Torino ITA"]
[Date "2010.03.16"]
[Round "6"]
[White "Levi, Aldo"]
[Black "Cagno, Alberto"]
[Result "0-1"]
[WhiteElo "1344"]
[BlackElo "1431"]
[PlyCount "80"]
[EventDate "2010.02.09"]

1. e4 Nf6 2. e5 Nd5 3. d4 d6 4. Bc4 Nb6 5. Bb3 dxe5 6. Qh5 e6 7. Qxe5 Nc6 8.
Qe4 Qxd4 9. Qxd4 Nxd4 10. c3 Nxb3 11. axb3 Bd6 12. Nf3 O-O 13. O-O e5 14. Nfd2
Be6 15. c4 Bc5 16. Ne4 Be7 17. Be3 Nd7 18. Rxa7 Rxa7 19. Bxa7 b6 20. Nbc3 Bb4
21. Ra1 f5 22. Nd5 Bxd5 23. cxd5 fxe4 24. Rc1 Nc5 25. Rc4 Be1 26. h3 Bxf2+ 27.
Kh2 Ra8 28. b4 Rxa7 29. bxc5 bxc5 30. Rxe4 Ra2 31. Rxe5 Rxb2 32. Re8+ Kf7 33.
Rc8 Rb7 34. g3 Kg6 35. Kg2 Bd4 36. Kf3 c4 37. d6 cxd6 38. Rxc4 Rb3+ 39. Ke4 Bc5
40. Kd5 Rb4 0-1

[Event "C.to Provinciale TO"]
[Site "Torino ITA"]
[Date "2010.03.16"]
[Round "6"]
[White "Liviabella, Lucio"]
[Black "Termini, Luigi Robert"]
[Result "0-1"]
[WhiteElo "1716"]
[BlackElo "1703"]
[PlyCount "82"]
[EventDate "2010.02.09"]

1. e4 c5 2. Bc4 Nc6 3. Nf3 Na5 4. Be2 Nf6 5. Nc3 d6 6. d4 b6 7. dxc5 bxc5 8. e5
Ng4 9. exd6 exd6 10. O-O Be7 11. Nd5 O-O 12. Bd2 Nc6 13. Nxe7+ Qxe7 14. Re1
Nge5 15. Bf4 Qf6 16. Bxe5 Nxe5 17. Nxe5 dxe5 18. Bf3 Rb8 19. Rb1 Bf5 20. Qe2
Rfe8 21. Qc4 a6 22. b3 Qg6 23. Be4 Bxe4 24. Rxe4 Rb4 25. Qxc5 Rxe4 26. h3 Re2
27. Rb2 e4 28. Kf1 Rd2 29. Qe3 Red8 30. Kg1 Rd1+ 31. Kh2 R8d2 32. Qf4 h6 33. b4
Re2 34. Rb3 Ree1 35. g4 Rh1+ 36. Kg3 Rdg1+ 37. Kh4 Qe6 38. Qf5 Qe7+ 39. g5 Rxg5
40. Qc8+ Kh7 41. Rg3 Rc5+ 0-1